Software engineering (Record no. 166200)

000 -LEADER
fixed length control field 00308nam a2200109Ia 4500
008 - FIXED-LENGTH DATA ELEMENTS--GENERAL INFORMATION
fixed length control field 220217s9999||||xx |||||||||||||| ||und||
100 ## - MAIN ENTRY--PERSONAL NAME
Personal name Diwan, Parag Singh, Dharm Bir
245 #0 - TITLE STATEMENT
Title Software engineering
260 ## - PUBLICATION, DISTRIBUTION, ETC.
Place of publication, distribution, etc. Pentagon press
Name of publisher, distributor, etc. New Delhi
Date of publication, distribution, etc. 2000
300 ## - PHYSICAL DESCRIPTION
Extent IX324p.
Other physical details 795
650 ## - SUBJECT ADDED ENTRY--TOPICAL TERM
Topical term or geographic name entry element SOFTWARE DESIGN
Holdings
Withdrawn status Lost status Damaged status Not for loan Collection code Home library Current library Date acquired Total Checkouts Barcode Date last seen Date last checked out Price effective from Koha item type
        Computer Science and Engineering Central Library Central Library 02/18/2022 1 1389 03/28/2023 12/28/2022 02/18/2022 Books

Powered by Koha